| 000 -LEADER |
| fixed length control field |
00672cam a2200217 i 4500 |
| 020 ## - INTERNATIONAL STANDARD BOOK NUMBER |
| ISBN |
9780073378305 (hard copy : alk. paper) |
| 020 ## - INTERNATIONAL STANDARD BOOK NUMBER |
| ISBN |
0073378305 (hard copy : alk. paper) |
| 040 ## - CATALOGING SOURCE |
| Transcribing agency |
DLC |
| 082 00 - DEWEY DECIMAL CLASSIFICATION NUMBER |
| Classification number |
612 MCG 2014 A115 Or. |
| 100 1# - MAIN ENTRY--AUTHOR NAME |
| Personal name |
Widmaier, Eric P. |
| 245 10 - TITLE STATEMENT |
| Title |
Vander's human physiology : |
| Remainder of title |
the mechanisms of body function. |
| 246 30 - VARYING FORM OF TITLE |
| Title proper/short title |
Human physiology |
| 250 ## - EDITION STATEMENT |
| Edition statement |
Thirteenth edition / |
| 300 ## - PHYSICAL DESCRIPTION |
| Number of Pages |
1 volume (various pages) : |
| Other physical details |
illustrations (chiefly color) ; |
| Dimensions |
29 cm |
| 500 ## - GENERAL NOTE |
| General note |
Includes index. |
| 650 #0 - SUBJECT ADDED ENTRY--TOPICAL TERM |
| Topical Term |
Human physiology. |
| 700 1# - ADDED ENTRY--PERSONAL NAME |
| Personal name |
Raff, Hershel, |
| 700 1# - ADDED ENTRY--PERSONAL NAME |
| Personal name |
Strang, Kevin T. |
| 700 1# - ADDED ENTRY--PERSONAL NAME |
| Personal name |
Vander, Arthur J., |
| 942 ## - ADDED ENTRY ELEMENTS (KOHA) |
| Koha item type |
ADB |
| 952 ## - LOCATION AND ITEM INFORMATION (KOHA) |
| Withdrawn status [LOCAL, KOHA] |
0 |
| 952 ## - LOCATION AND ITEM INFORMATION (KOHA) |
| Withdrawn status [LOCAL, KOHA] |
0 |
| 952 ## - LOCATION AND ITEM INFORMATION (KOHA) |
| Withdrawn status [LOCAL, KOHA] |
0 |
| 952 ## - LOCATION AND ITEM INFORMATION (KOHA) |
| Withdrawn status [LOCAL, KOHA] |
0 |
| 952 ## - LOCATION AND ITEM INFORMATION (KOHA) |
| Withdrawn status [LOCAL, KOHA] |
0 |